Statistiques concernant L'age des personnes célèbres

Cliquez ici pour prendre le quiz!

Statistiques générales

  • Ce quiz a été pris 71 fois
  • Le résultat moyen est 6 sur 15

Statistiques - réponses

QuestionRéponse% Correct
Quel age a Emmanuel Macron42
81%
Quel age a Rihanna32
66%
Quel age a Céline Dion52
49%
Quel age a Meghan Markle38
46%
Quel age a Selena Gomez27
42%
Quel age a Angèle24
40%
Quel age a Lady Gaga34
40%
Quel age a Tony Parker37
37%
Quel age a Ariana Grande26
34%
Quel age a Mark Zuckerberg35
34%
Quel age a Rayane Bensetti27
33%
Quel age a Adele31
21%
Quel age a Bradley Cooper45
19%
Quel age a Garou47
19%
Quel age a Jenifer30
1%

Distribution des résultats

Percentile par nombre de réponses

% des personnes avec chaque résultat

Votre développement - résultats

Vous n’avez pas pris ce quiz